000 00340nam a2200133Ia 4500
005 20260326235504.0
008 260326s9999||||xx |||||||||||||| ||und||
100 _aPhaidon
245 4 _aThe Phaidon Atlas of 21st Century World Architecture /
_cPhaidon
260 _bPhaidon
300 _a800 p.
650 _aARQUITECTURA CIVIL
942 _cBK
999 _c8132
_d8132